00400nam a22001577a 450000500170000001000150001702000260003203500130005803700130007108200060008410000160009024500380010626000330014427000450017730000200022220150424122158.0 aENG-112366 a9788184303070c250.00 aEN-95898 bDBAD/PUB aN aAabid Surti aThe black book / cby Aabid Surti aNew DelhibOcean Booksc2015 a4/19, Asaf Ali Road, bNew Delhie110002 a173p.c23cm(Hb)